Katakana Symbols - Statistics

General Stats
  • This quiz has been taken 20 times
  • The average score is 46 of 48
Answer Stats
Katakana Rōmaji % Correct
a
100%
e
100%
ha
100%
he
100%
ho
100%
ka
100%
ki
100%
ko
100%
ku
100%
n
100%
o
100%
ra
100%
ra
100%
re
100%
re
100%
ri
100%
ri
100%
ro
100%
ru
100%
ru
100%
sa
100%
se
100%
shi
100%
su
100%
te
100%
to
100%
u
100%
hi
93%
ke
93%
ma
93%
mi
93%
mo
93%
mu
93%
na
93%
ni
93%
no
93%
so
93%
ta
93%
tsu
93%
chi
87%
nu
87%
wo
87%
ya
87%
yu
87%
fu
80%
me
80%
wa
80%
yo
80%
No matching quizzes found
Score Distribution
Percent of People with Each Score
Percentile by Number Answered
Your Score History
You have not taken this quiz